000
00214nam a22000857a 4500
999
_c
4743
_d
4743
008
161208b xxu||||| |||| 00| 0 eng d
020
_a
978817869218
100
_9
1948
_a
Mehta.N.
245
_a
101 Vegetarian Recipes
260
_a
New Delhi
_b
Snas
_c
2011